| 000 | 00558nas a2200205 4500 | ||
|---|---|---|---|
| 001 | BR9506688 | ||
| 003 | BR-BrBNA | ||
| 005 | 20231205094222.0 | ||
| 007 | ta | ||
| 008 | 230509b bl.|||p| |||| 00| 00por d | ||
| 040 |
_aBR-BrBNA _bpor _cBiblioteca Nacional de Agricultura |
||
| 041 | _a(Pt) | ||
| 072 | _aF01 | ||
| 100 | 1 | _aPinto, L.R.L. | |
| 245 | 1 | _aA planta e a cultura do rami | |
| 650 | _aRami | ||
| 773 | 0 |
_tAgronomia (Brazil) _x _g(Jul-Sep 1956), v. 15(3) p. 110-119 _wBR9506688 |
|
| 909 |
_a202311 _bLúcia _c55 _dLúcia Elande |
||
| 942 |
_2AGRIS _n0 _cANA |
||
| 999 |
_c142864 _d142864 |
||